| 000 | 00347nam a22001217a 4500 | ||
|---|---|---|---|
| 003 | OSt | ||
| 008 | 250221b |||||||| |||| 00| 0 eng d | ||
| 041 | _aeng | ||
| 100 |
_aSrivastava, PK _92096 |
||
| 245 | _aAppropriate Agribased Technologies for Rural Women | ||
| 260 |
_aBhopal: _bCentral Institute of Agricultural Engineering, _c1995. |
||
| 942 | _cBK | ||
| 999 |
_c19434 _d19434 |
||